Les couleurs en géographie - Statistiques

Statistiques générales
  • Ce quiz a été pris 1 558 fois
  • Le résultat moyen est 8 sur 16
Statistiques - réponses
Indice Réponse % Correct
Point culminant de la France et de l'italie Mont Blanc
95%
La Ville Rose Toulouse
81%
Chef-lieu de la Gironde Bordeaux
78%
Célèbre place moscovite Place Rouge
73%
Région d'Allemagne qui a donné son nom à une pâtisserie à base de chocolat et de cerises Forêt Noire
61%
Département français moutardier Côte d'Or
59%
Deuxième plus long fleuve chinois, qui se jette dans la mer de la même couleur Fleuve jaune
57%
Ville d'Italie célèbre pour son fromage râpé Parme
54%
Capitale de la Louisiane, rappelant son passé francophone Baton Rouge
48%
Etat et fleuve d'Afrique du sud Orange
36%
Appelée Pont Euxin dans l'Antiquité Mer noire
32%
Peuple africain surnommé les "hommes bleus" Touareg
27%
Elle a dévoilé ses secrets à Henri de Monfreid, et a été chantée par Gérard Manset Mer rouge
25%
Autre nom du Yang-Tsé-Kiang Fleuve bleu
21%
Borde la façade nord-ouest de la Russie Mer blanche
19%
Commune de Corse - pas plus insulaire que les autres... L'Ile-Rousse
10%
Aucun quiz correspondant
Distribution des résultats
% des personnes avec chaque résultat
Percentile par nombre de réponses
Votre historique - résultats
Vous n’avez pas pris ce quiz